[Event "Collado Villalba op 39th"]
[Site "Collado Villalba"]
[Date "2022.08.27"]
[Round "8"]
[White "Manas Carrete, Miguel Angel"]
[Black "Perez Pascual, Arturo"]
[Result "1-0"]
[WhiteElo "1451"]
[BlackElo "1696"]
[PlyCount "93"]
[EventDate "2022.08.20"]
[EventType "swiss"]
[EventRounds "9"]
[EventCountry "ESP"]
[SourceTitle "EXT 2023"]
[Source "ChessBase"]
[SourceDate "2022.10.05"]
[SourceVersion "1"]
[SourceVersionDate "2022.10.05"]
[SourceQuality "1"]

1. d4 d5 2. Bg5 c6 3. c3 h6 4. Bh4 Bf5 5. Nd2 Qb6 6. Qb3 Nd7 7. Ngf3 Ngf6 8. e3 e6 9. Be2 Bd6 10. 0-0 0-0 11. h3 g5 12. Bg3 Bxg3 13. fxg3 Qc7 14. g4 Bg6 15. c4 b6 16. Bd3 Bxd3 17. Qxd3 c5 18. dxc5 bxc5 19. b3 Rad8 20. Qc3 Kg7 21. Rad1 e5 22. Qc2 e4 23. Nh2 Qg3 24. cxd5 Qxe3+ 25. Kh1 Ne5 26. Rde1 Qd3 27. Qxd3 Nxd3 28. Re3 Rfe8 29. Rf5 Rxd5 30. Rxd5 Nxd5 31. Re2 Nc3 32. Re3 Nxa2 33. Kg1 Nc3 34. Nhf1 Kf6 35. Nxe4+ Rxe4 36. Rxd3 Nb5 37. Nd2 Nc3 38. Rxc3 Re5 39. Rc4 Rd5 40. Ne4+ Ke7 41. Nxc5 Kd6 42. Ne4+ Ke5 43. Nc3 Rd3 44. Kf1 a6 45. Ke2 Rg3 46. Kf2 Rd3 47. b4 1-0

[Event "Collado Villalba op 39th"]
[Site "Collado Villalba"]
[Date "2022.08.20"]
[Round "1"]
[White "Pardo Robles, Jose Manuel"]
[Black "Manas Carrete, Miguel Angel"]
[Result "1-0"]
[WhiteElo "1676"]
[BlackElo "1451"]
[PlyCount "44"]
[EventDate "2022.08.20"]
[EventType "swiss"]
[EventRounds "9"]
[EventCountry "ESP"]
[SourceTitle "EXT 2023"]
[Source "ChessBase"]
[SourceDate "2022.10.05"]
[SourceVersion "1"]
[SourceVersionDate "2022.10.05"]
[SourceQuality "1"]

1. c4 c5 2. Nc3 Nf6 3. Nf3 Nc6 4. g3 e6 5. Bg2 Be7 6. d4 cxd4 7. Nxd4 Ne5 8. b3 a6 9. 0-0 0-0 10. Bb2 Rb8 11. Ne4 Ng6 12. Rc1 b6 13. Nc3 Bb7 14. e4 Ne5 15. Re1 Bc5 16. a3 Nc6 17. Nxc6 Bxc6 18. b4 Be7 19. e5 Bxg2 20. exf6 Bh3 21. fxe7 Qxe7 22. Qh5 Bf5 1-0

[Event "Mostoles op 11th"]
[Site "Mostoles"]
[Date "2022.07.23"]
[Round "7"]
[White "Martin Garcia, Luis I"]
[Black "Manas Carrete, Miguel Angel"]
[Result "1-0"]
[WhiteElo "1825"]
[BlackElo "1503"]
[PlyCount "113"]
[EventDate "2022.07.17"]
[EventType "swiss"]
[EventRounds "9"]
[EventCountry "ESP"]
[SourceTitle "EXT 2024"]
[Source "ChessBase"]
[SourceDate "2023.10.10"]
[SourceVersion "1"]
[SourceVersionDate "2023.10.10"]
[SourceQuality "1"]

1. e4 c5 2. Nf3 d6 3. d4 cxd4 4. Nxd4 Nc6 5. Bc4 Nf6 6. Nc3 Ne5 7. Bb3 a6 8. Be3 e6 9. Nf3 Nxf3+ 10. Qxf3 Be7 11. 0-0-0 e5 12. h3 0-0 13. g4 Be6 14. Nd5 Nxd5 15. exd5 Bd7 16. Qg3 Bg5 17. f4 exf4 18. Bxf4 Bxf4+ 19. Qxf4 Bc8 20. h4 h6 21. Kb1 b5 22. h5 a5 23. c3 b4 24. cxb4 axb4 25. Qxb4 Ra6 26. Rhg1 Bd7 27. Qd2 Ba4 28. Bxa4 Rxa4 29. g5 hxg5 30. Rxg5 f6 31. Rg3 Qa5 32. h6 Qxd2 33. Rxg7+ Kh8 34. Rxd2 Rh4 35. Re2 Rxh6 36. Rd7 f5 37. Re6 Rh1+ 38. Kc2 f4 39. Rdxd6 Rg1 40. Rf6 Rg2+ 41. Kc3 Rc8+ 42. Rc6 Rb8 43. b3 Rxa2 44. Rxf4 Ra3 45. Rb4 Rd8 46. d6 Ra1 47. Rbb6 Kg8 48. Kb4 Rd1 49. Rb7 R8xd6 50. Rxd6 Rxd6 51. Re7 Kf8 52. Re5 Rb6+ 53. Ka4 Kf7 54. b4 Re6 55. Rxe6 Kxe6 56. Ka5 Kd6 57. Kb6 1-0

[Event "Mostoles op 11th"]
[Site "Mostoles"]
[Date "2022.07.18"]
[Round "2"]
[White "Olmedo Alvarez, Marcos"]
[Black "Manas Carrete, Miguel Angel"]
[Result "0-1"]
[WhiteElo "1333"]
[BlackElo "1503"]
[PlyCount "94"]
[EventDate "2022.07.17"]
[EventType "swiss"]
[EventRounds "9"]
[EventCountry "ESP"]
[SourceTitle "EXT 2024"]
[Source "ChessBase"]
[SourceDate "2023.10.10"]
[SourceVersion "1"]
[SourceVersionDate "2023.10.10"]
[SourceQuality "1"]

1. e4 c5 2. Nf3 d6 3. d3 Nc6 4. g3 Nf6 5. Bg2 Bg4 6. 0-0 Qd7 7. Re1 e5 8. Nbd2 h5 9. Nf1 h4 10. Ne3 Bh5 11. Nf5 hxg3 12. Nxg3 Bg4 13. c3 0-0-0 14. Qe2 Be7 15. Qf1 Nh5 16. Nf5 Rh7 17. Nxe7+ Qxe7 18. Bh3 Nf6 19. Bxg4+ Nxg4 20. Qg2 Nf6 21. Bg5 Rdh8 22. h4 Nd8 23. Kf1 Ne6 24. Qg4 Kc7 25. Bxf6 Qxf6 26. Qf5 Qxf5 27. exf5 Nf4 28. Re4 Nxd3 29. b4 cxb4 30. cxb4 d5 31. Rg4 e4 32. Ke2 Nxb4 33. Ne5 f6 34. Rc1+ Nc6 35. Ng6 Re8 36. Nf4 Kd6 37. h5 Nd4+ 38. Ke3 Nxf5+ 39. Kd2 Re7 40. Rc8 Rd7 41. Ng6 Rxh5 42. Nf8 Rc7 43. Re8 Rg5 44. Rf4 Ne7 45. Nh7 Rg1 46. Rd8+ Ke5 47. Nf8 Rgc1 0-1

[Event "Mostoles op 11th"]
[Site "Mostoles"]
[Date "2022.07.17"]
[Round "1"]
[White "Manas Carrete, Miguel Angel"]
[Black "Quintero Torres, Pedro"]
[Result "0-1"]
[WhiteElo "1503"]
[BlackElo "1951"]
[PlyCount "88"]
[EventDate "2022.07.17"]
[EventType "swiss"]
[EventRounds "9"]
[EventCountry "ESP"]
[SourceTitle "EXT 2024"]
[Source "ChessBase"]
[SourceDate "2023.10.10"]
[SourceVersion "1"]
[SourceVersionDate "2023.10.10"]
[SourceQuality "1"]

1. d4 d5 2. Nf3 Nf6 3. Bf4 c6 4. Nbd2 Bf5 5. e3 e6 6. Be2 Bd6 7. Bxd6 Qxd6 8. Nh4 Bg6 9. Nxg6 hxg6 10. h3 Nbd7 11. c3 e5 12. Qb3 b6 13. dxe5 Nxe5 14. 0-0-0 a5 15. Qxb6 0-0 16. Nc4 Nxc4 17. Bxc4 Rfb8 18. Qd4 c5 19. Qd3 Qb6 20. Rd2 dxc4 21. Qxc4 Rd8 22. Rhd1 Rxd2 23. Rxd2 Qc6 24. f3 Re8 25. e4 Qc7 26. Kc2 Rc8 27. a3 Nh5 28. g4 Nf4 29. h4 Ne6 30. h5 gxh5 31. gxh5 Qf4 32. Qa6 Rb8 33. Rd3 Qh2+ 34. Rd2 Rxb2+ 35. Kxb2 Qxd2+ 36. Kb3 Qd1+ 37. Kb2 Qxf3 38. Qxa5 Qxe4 39. Qb5 Qg2+ 40. Kb3 Qd5+ 41. Qc4 Qxh5 42. a4 Qd1+ 43. Ka2 Qc2+ 44. Ka1 Nd4 0-1

[Event "San Sebastian Constitucion op"]
[Site "San Sebastian de los Reyes"]
[Date "2021.12.11"]
[Round "8"]
[White "Olias Rincon, Ines"]
[Black "Manas Carrete, Miguel Angel"]
[Result "0-1"]
[WhiteElo "1134"]
[BlackElo "1397"]
[PlyCount "104"]
[EventDate "2021.12.04"]
[EventType "swiss"]
[EventRounds "8"]
[EventCountry "ESP"]
[SourceTitle "CBM 206 Extra"]
[Source "ChessBase"]
[SourceDate "2022.03.31"]
[SourceVersion "1"]
[SourceVersionDate "2022.03.31"]
[SourceQuality "1"]

1. e4 c5 2. Nf3 d6 3. Nc3 g6 4. d4 cxd4 5. Nxd4 a6 6. b3 Nf6 7. Be2 Nbd7 8. h3 Nc5 9. b4 Ncxe4 10. Nxe4 Nxe4 11. Qd3 Nf6 12. Bg5 Bg7 13. b5 0-0 14. bxa6 bxa6 15. Bf3 d5 16. 0-0 Qd6 17. Rfe1 Rd8 18. Nb3 Bf5 19. Qe2 Ne4 20. Bxe4 Bxe4 21. Rad1 f6 22. Bh4 Rac8 23. Bg3 e5 24. Nd4 Qb6 25. Rb1 Qxd4 26. Qxa6 Rxc2 27. Rb7 Qc3 28. Qe6+ Kh8 29. Reb1 Rc1+ 30. Rxc1 Qxc1+ 31. Kh2 Qc5 32. f3 Bf5 33. Qf7 Qf8 34. Qc7 Rd7 35. Qc6 Rxb7 36. Qxb7 d4 37. Be1 Qc8 38. Qf7 Be6 39. Qe7 Bxa2 40. Kg3 Qf8 41. Qb7 Bf7 42. Bb4 Qe8 43. Be7 f5 44. Kf2 h5 45. Bg5 e4 46. fxe4 fxe4 47. Be7 e3+ 48. Ke2 Bc4+ 49. Kf3 Qf7+ 50. Kg3 Qf2+ 51. Kh2 Be5+ 52. Kh1 Qf1# 0-1

[Event "San Sebastian Constitucion op"]
[Site "San Sebastian de los Reyes"]
[Date "2021.12.05"]
[Round "2"]
[White "Guillo Longares, Cecilia"]
[Black "Manas Carrete, Miguel Angel"]
[Result "1-0"]
[WhiteElo "2010"]
[BlackElo "1397"]
[PlyCount "67"]
[EventDate "2021.12.04"]
[EventType "swiss"]
[EventRounds "8"]
[EventCountry "ESP"]
[SourceTitle "CBM 206 Extra"]
[Source "ChessBase"]
[SourceDate "2022.03.31"]
[SourceVersion "1"]
[SourceVersionDate "2022.03.31"]
[SourceQuality "1"]

1. d4 d5 2. c4 dxc4 3. Nc3 Bg4 4. f3 Bh5 5. e4 e6 6. Be3 Nf6 7. Bxc4 c6 8. Nge2 Be7 9. Nf4 Bb4 10. Qb3 Bxc3+ 11. bxc3 b5 12. Bxb5 cxb5 13. Nxh5 0-0 14. Nxf6+ Qxf6 15. Qxb5 a5 16. 0-0 Rc8 17. Bg5 Qg6 18. Bf4 Nc6 19. Rab1 f5 20. exf5 Qxf5 21. Qxf5 exf5 22. Rfe1 Nd8 23. Re3 Rc6 24. d5 Rc4 25. Be5 Nf7 26. Bd4 Rd8 27. Rb7 Ra4 28. Ree7 Rf8 29. d6 Rxa2 30. d7 Ra1+ 31. Kf2 Ra2+ 32. Ke3 f4+ 33. Kd3 Rxg2 34. Rxf7 1-0